Normal view
MARC view
- SAFEENA P. A
Entry Personal Name
001 - CONTROL NUMBER
- control field: 2526
003 - CONTROL NUMBER IDENTIFIER
- control field: OSt
005 - DATE AND TIME OF LATEST TRANSACTION
- control field: 20180117160734.0
008 - FIXED-LENGTH DATA ELEMENTS
- fixed length control field: 180117|| aca||aabn | a|a d
040 ## - CATALOGING SOURCE
- Original cataloging agency: OSt
- Transcribing agency: OSt
100 ## - HEADING--PERSONAL NAME
- Personal name: SAFEENA P. A
670 ## - SOURCE DATA FOUND
- Source citation: Work cat.: (OSt): SAFEENA P. A SRAVAN RAJ SREELATHA E STENY SIMON THEERTHA M. S, Optimization of microwave assisted process for extraction of nutmeg seed essential oil
